|
|
|
|
| LEADER |
00000nam a2200000 a 4500 |
| 001 |
UCW4052 |
| 003 |
CL-VaPUC |
| 008 |
890802e19850000AG |||||||||||||||||spa|d |
| 082 |
0 |
4 |
|a 796.407
|b GIR
|2 21
|
| 100 |
|
|
|a Giraldes, Mariano
|e author
|9 477267
|
| 245 |
1 |
0 |
|a Gimnasia formativa: para la niñez y la adolescencia
|
| 300 |
|
|
|a 355 p
|
| 942 |
|
|
|c BK
|
| 945 |
|
|
|d 19890802 00:00:00
|
| 260 |
|
|
|a Buenos Aires
|b Stadium
|c 1985
|
| 650 |
|
7 |
|a GIMNASIA
|2 CL-VaPUC
|9 307275
|
| 650 |
|
7 |
|a GIMNASIA FORMATIVA
|2 CL-VaPUC
|9 308595
|
| 583 |
|
|
|a last modification
|c 19890802 00:00:00
|k Rodrigo Vera
|
| 999 |
|
|
|c 217879
|d 217877
|
| 952 |
|
|
|0 0
|1 0
|4 0
|6 796_407000000000000_GIR_1985
|7 0
|8 P
|9 206470
|a BIBEDU
|b BIBEDU
|c BIBEDU_PB
|d 2019-11-15
|i 2742810
|o 796.407 GIR 1985
|p 2742810
|r 2024-01-25
|w 2019-11-15
|y BK
|k EDU
|
| 952 |
|
|
|0 0
|1 0
|4 0
|6 796_407000000000000_GIR_1985
|7 0
|8 P
|9 206471
|a BIBEDU
|b BIBEDU
|c BIBEDU_PB
|d 2019-11-15
|i 2742853
|o 796.407 GIR 1985
|p 2742853
|r 2024-01-25
|w 2019-11-15
|y BK
|k EDU
|